• 首页
  • 本馆介绍
  • 公告通知
  • 最新文献
  • 馆藏检索
  • 电子资源
  • 读者导购
  • 参考咨询
  • 我的图书馆
  • 登录
  • 详细信息显示
  • 放入我的书架
  • 预约/预借图书
  • 作者相关作品
  • 分类相关作品
  • 丛书相关作品
  • 出版社相关作品

书目信息

  • 表格格式
  • 工作单格式
  • 卡片格式
题名:
非住宅
    
 
作者: 鲁宾斯坦 编著 ;高杨 译 ;标记另一种建筑杂志 编著
分册:  
出版信息: 北京   电子工业出版社  2016.12
页数: 270页
开本: 29cm
丛书名:
单 册:
中图分类: TU241.02-
科图分类:
主题词: 住宅--室内装饰设计--图集
电子资源:
ISBN: 978-7-121-30466-8
000 00963nam0 2200265 450
001 0400004863
005 20171025110801.0
010    @a978-7-121-30466-8@b精装@dCNY128.00
100    @a20170427d2016 em y0chiy50 ea
101 1  @achi@ceng
102    @aCN@b110000
105    @aa z 000yy
106    @ar
200 1  @a非住宅@9fei zhu zhai@f(荷)Mark-Another Architecture杂志,(美)Dan Rubinstein编著@g高杨译
210    @a北京@c电子工业出版社@d2016.12
215    @a270页@c图@d29cm
330    @a本书向我们展示了从著名建筑类杂志《MARK》中精选的当代先锋建筑设计师设计的21世纪创新居住空间案例。
510 1  @aThis is not a house@zeng
606 0  @a住宅@x室内装饰设计@j图集
690    @aTU241.02-@v5
701  0 @c(美)@a鲁宾斯坦@9lu bin si tan@c(Rubinstein, Dan)@4编著
702  0 @a高杨@9gao yang@4译
711 02 @c(荷)@a标记另一种建筑杂志@9biao ji ling yi zhong jian zhu za zhi@4编著
801  0 @aCN@b91MARC@c20171025
905    @b1039672-5@dTU241.02-@f4@e1349
    
    非住宅/(荷)Mark-Another Architecture杂志,(美)Dan Rubinstein编著/高杨译.-北京:电子工业出版社,2016.12
    270页:图;29cm
    
    
    ISBN 978-7-121-30466-8(精装):CNY128.00
    本书向我们展示了从著名建筑类杂志《MARK》中精选的当代先锋建筑设计师设计的21世纪创新居住空间案例。
●
相关链接 在E读中查询图书 在五车中查询图书 在当当中查询图书 在豆瓣中查询图书


正题名:非住宅     索取号:TU241.02-/1349         预约/预借

序号 登录号 条形码 馆藏地/架位号 状态 备注
1 1039672   210396720   第二样本阅览室/ [索取号:TU241.02-/1349] 在馆    
2 1039673   210396739   密集书库-生命科学系/ [索取号:TU241.02-/1349] 在馆    
3 1039674   210396748   第三借阅区/ [索取号:TU241.02-/1349] 在馆    
4 1039675   210396757   第三借阅区/ [索取号:TU241.02-/1349] 在馆    
唐山师范学院图书馆 欢迎您!
大连网信软件有限公司© 版权所有